000 00291nam a2200109Ia 4500
008 200302s9999 xx 000 0 und d
100 _aIsabelle Gournaay
245 _aErnest Cormier And The Universite De Montreal
260 _bCandian Centre for Architecture
260 _c1990
300 _a179
999 _c4674
_d4674